Pathology quick review and MCQs : based on textbook of textbook of pathology
Saved in:
| Main Author: | |
|---|---|
| Format: | Book |
| Language: | English |
| Published: |
St. Louis, MO
Jaypee
2010
|
| Edition: | 3rd ed. |
| Subjects: | |
| Tags: |
Add Tag
No Tags, Be the first to tag this record!
|
| Call Number : | med QZ 18.2.M64 2010 |
MARC
| LEADER | 00000nam a2200000 a 4500 | ||
|---|---|---|---|
| 001 | 45839 | ||
| 003 | MY-KLNDU | ||
| 005 | 20241219004730.0 | ||
| 008 | 120412 2010 mou i 000 0 eng d | ||
| 020 | |a 9788184487787 | ||
| 039 | 9 | |a 201506241012 |b johari |c 201204121727 |d azraai |c 201204120859 |d azraai |y 201204120853 |z azraai | |
| 040 | |a UPNM | ||
| 060 | 0 | 0 | |a QZ 18.2.M64 2010 |
| 090 | |a med QZ 18.2.M64 2010 | ||
| 100 | 1 | |a Mohan, Harsh | |
| 245 | 1 | 0 | |a Pathology |b quick review and MCQs : based on textbook of textbook of pathology |c Harsh Mohan |
| 250 | |a 3rd ed. | ||
| 260 | |a St. Louis, MO |b Jaypee |c 2010 | ||
| 300 | |a viii, 771 p. |c 21 cm. | ||
| 500 | |a Based on Harsh Mohan's textbook of pathology (6th ed.) : med QZ4.M64 2010 | ||
| 500 | |a Includes index | ||
| 592 | |a INN/5269 |b 02/04/2012 |c RM729.12 |h Innowawasan | ||
| 650 | 0 | |a Pathology | |
| 650 | 2 | |a Pathology | |
| 999 | |a vtls000046705 |c 45839 |d 45839 | ||


